000 00639nam a2200217Ia 4500
003 GCL
008 140319s9999 xx 000 0 ara d
040 _aGCL /
_cGCL
082 0 4 _a823
_bس ر
100 1 _aمحمد ابراهيم
245 1 0 _aرحلات جلفر ج2 /
_cمحمد ابراهيم
700 1 _aشكرى محمد عياد
700 1 _aسويفت , جوناثان
700 1 _aمحمد محمد رفاعى
300 _a440 ص
490 _aالالف كتاب
_v0
650 0 4 _aقصص البطولات
650 0 4 _aالقصص الانجليزية
650 0 4 _aالادب الانجليزى
942 _2ddc
_cBK
999 _c45223
_d45223